000
00282nam a2200121Ia 4500
008
190216s9999||||xx |||||||||||||| ||und||
100
_a
Rachel Carson
245
0
_a
Namukkuchuttumulla Katal
260
_b
Current Books
_c
1965
300
_a
341p
650
_a
Geography
942
_c
REF
999
_c
35103
_d
35103